Odkaz Februára v sociálnej politike

Bibliographic Details
Main Author: Mařík, Vladimír, 1924- (Author)
Format: Article
Language:Slovak
PhysicalDescription:Obr. 1.
Subjects:

MARC

LEADER 00000nab a2200000 a 4500
001 vtls000312018
003 SK-MaSNL
005 20260302215438.0
008 111201c1978 xo 0 slo
015 |a SNBRB19rr/mm-uuuuu 
035 |a CL0002110 
040 |a SNKBUCL  |b slo  |c SNKBUCL  |e AACR2 
041 0 |a slo 
044 |a xo  |c SK 
080 |a 304  |2 1981 
100 1 |a Mařík, Vladimír,  |d 1924-  |4 aut  |9 50375 
245 1 0 |a Odkaz Februára v sociálnej politike  |c Vladimír Mařík 
300 |b Obr. 1. 
650 0 7 |a ČSSR  |2 snkbucl  |9 335647 
650 0 7 |a sociálna politika  |2 snkbucl  |9 2333 
655 7 |a články z novín a časopisov  |2 snkbucl  |9 267496 
773 0 |t Odborár  |g Roč. 32, č. 2 (1978), s. 2-5 
850 |a Slovenská národná knižnica v Martine  |a MTA001 
852 |a SNK  |b KIS3GCP 
958 |a RK 
992 |a RBX 
999 |c 1502334  |d 1504264